|
|
|
|
| LEADER |
01789nam a2200277 a 4500 |
| 001 |
GR-Patra21741 |
| 008 |
070529s1998 gr g b 001 0 gre d |
| 020 |
|
|
|a 9603445541
|
| 040 |
|
|
|a GrPaTEI
|b gre
|c GR-PaULI
|
| 040 |
|
|
|a GrPaTEI
|b gre
|c GR-PaULI
|
| 082 |
|
0 |
|a 370.15
|2 21
|
| 100 |
1 |
|
|a ευαγγελοπουλος, σπυρος
|
| 245 |
1 |
0 |
|a Θέματα παιδαγωγικής ψυχολογίας :
|b Σχολική τάξη/ Ομάδα και η δυναμική της: Ομάδες εργασίας-Παρατήρηση-Κοινωνιομετρική Μέθοδος /
|c Σπύρος Ευαγγελόπουλος
|n Τόμος Β'.
|
| 260 |
|
|
|a Αθήνα :
|b Ελληνικά Γράμματα,
|c c1998
|
| 300 |
|
|
|a 158 σ. :
|b πιν., σχημ.
|
| 504 |
|
|
|a Περιλαμβάνει βιβλιογραφικές παραπομπές και ευρετήριο.
|
| 650 |
|
4 |
|a Ομαδική εργασία στην εκπαίδευση
|
| 650 |
|
4 |
|a Παιδαγωγική ψυχολογία
|
| 650 |
|
4 |
|a Σχολική ψυχολογία
|
| 710 |
0 |
|
|a Ελληνικά Γράμματα
|
| 942 |
|
|
|2 ddc
|
| 952 |
|
|
|0 0
|1 0
|2 ddc
|4 0
|6 370_150000000000000_ΕΥΑ
|7 0
|9 302006
|a LISK
|b LISK
|c BSC
|d 2021-01-17
|e 24
|f 0
|g 0.00
|l 0
|o 370.15 ΕΥΑ
|p 92410031550
|r 2021-01-17 00:00:00
|t 1
|w 2021-01-17
|y BK15
|x 20070529 0 1
|x GrPaTEI
|
| 952 |
|
|
|0 0
|1 0
|2 ddc
|4 0
|6 370_150000000000000_ΕΥΑ
|7 0
|9 302007
|a LISK
|b LISK
|c BSC
|d 2021-01-17
|e 24
|f 0
|g 0.00
|l 0
|o 370.15 ΕΥΑ
|p 92410031551
|r 2021-01-17 00:00:00
|t 1
|w 2021-01-17
|y BK15
|x 20070529 0 1
|x GrPaTEI
|
| 952 |
|
|
|0 0
|1 0
|2 ddc
|4 0
|6 370_150000000000000_ΕΥΑ
|7 1
|9 302008
|a LISK
|b LISK
|c BSC
|d 2021-01-17
|e 24
|f 0
|g 0.00
|l 0
|o 370.15 ΕΥΑ
|p 92410031552
|r 2021-01-17 00:00:00
|t 1
|w 2021-01-17
|y BKN
|x 20070529 0 0
|x GrPaTEI
|
| 971 |
|
|
|a .b26693148
|b 16-04-20
|c 26-09-16
|
| 999 |
|
|
|c 175553
|d 175553
|